MARC

Tag First Indicator Second Indicator Subfields
LEADER 00000cam a22000001 4500
001 in00000080492
005 20240102124528.0
008 750624s1962 enk 000 0 eng
010 |a  62006403  
015 |a GB62-10298 
015 |a GB6210298  |2 bnb 
016 7 |a 002746282  |2 Uk 
016 7 |a 012229220  |2 Uk 
019 |a 1475748  |a 59017293  |a 1006490019  |a 1008436520 
029 1 |a UKMGB  |b 012229220 
029 1 |a UKMGB  |b 002746282 
029 1 |a DEBSZ  |b 009920625 
029 1 |a UNITY  |b 058468226 
029 1 |a NZ1  |b 6852444 
029 1 |a NZ1  |b 12089459 
029 1 |a HEBIS  |b 108990702 
029 1 |a DEBBG  |b BV005212426 
029 1 |a AU@  |b 000028155151 
029 1 |a AU@  |b 000004146562 
035 |a (OCoLC)ocm01409329  
035 |a (OCoLC)1409329  |z (OCoLC)1475748  |z (OCoLC)59017293  |z (OCoLC)1006490019  |z (OCoLC)1008436520 
035 |a (OCoLC)ocm01409329  
040 |a DLC  |b eng  |c DLC  |d DLC  |d BNG  |d SER  |d UKM  |d NLGGC  |d BTCTA  |d DEBBG  |d UKMGB  |d OCLCF  |d HUELT  |d IL4J6  |d TOL  |d OCLCO  |d A6T  |d OCLCO  |d OCLCL 
043 |a e-uk-en 
050 0 0 |a ND3128  |b .P3 
080 |a 820.22-3:091.31 
080 |a 73/75(42)"11":820.22-3 
082 0 4 |a 096  |b P137ri 
084 |a LO 62170  |2 rvk 
084 |a 6,12  |2 ssgn 
100 1 |a Pächt, Otto,  |d 1902-1988.  |1 https://id.oclc.org/worldcat/entity/E39PBJvt4mCvp8y9mB7JqXTbVC 
245 1 4 |a The rise of pictorial narrative in twelfth-century England. 
260 |a Oxford,  |b Clarendon Press,  |c 1962. 
300 |a xii, 63 p.  |b 12 plates.  |c 28 cm. 
336 |a text  |b txt  |2 rdacontent 
337 |a unmediated  |b n  |2 rdamedia 
338 |a volume  |b nc  |2 rdacarrier 
340 |m 8vo.  |2 rdabf 
504 |a Bibliographical footnotes. 
505 0 0 |g I. The  |t Anglo-Saxon narrative --  |g II. The  |t twelfth-century Renaissance of the Classical tradition --  |g III.  |t Pictorial representation and liturgical drama. 
650 0 |a Illumination of books and manuscripts, Medieval  |z England. 
650 0 |a Illumination of books and manuscripts, English. 
650 0 |a Art, English. 
650 0 |a Art, Medieval. 
650 6 |a Enluminure médiévale  |z Angleterre. 
650 6 |a Enluminure anglaise. 
650 6 |a Art anglais. 
650 6 |a Art médiéval. 
650 7 |a Art, English.  |2 fast  |0 (OCoLC)fst00816221 
650 7 |a Art, Medieval.  |2 fast  |0 (OCoLC)fst00816576 
650 7 |a Illumination of books and manuscripts, English.  |2 fast  |0 (OCoLC)fst00967283 
650 7 |a Illumination of books and manuscripts, Medieval.  |2 fast  |0 (OCoLC)fst00967326 
651 7 |a England.  |2 fast  |0 (OCoLC)fst01219920  |1 https://id.oclc.org/worldcat/entity/E39PBJpYDdYvBpjXV6WpybK68C 
650 7 |a Bildergeschichte  |2 gnd 
651 7 |a Großbritannien  |2 gnd 
650 1 7 |a Geïllustreerde handschriften.  |2 gtt 
650 7 |a Illumination of books and manuscripts, Medieval  |z Great Britain.  |2 nli 
650 7 |a Illumination of books and manuscripts, English.  |2 nli 
650 7 |a Art, English.  |2 nli 
650 7 |a Art, Medieval.  |2 nli 
650 7 |a Narrative art.  |2 nli 
648 7 |a Geschichte 1100-1200.  |2 swd 
776 0 8 |i Online version:  |a Pächt, Otto, 1902-1988.  |t Rise of pictorial narrative in twelfth-century England.  |d Oxford, Clarendon Press, 1962  |w (OCoLC)654659015 
938 |a Baker and Taylor  |b BTCP  |n 62006403 
948 |h HELD BY TXA - 419 OTHER HOLDINGS 
994 |a Z0  |b TXA 
999 f f |s 51467a48-19cb-36bc-8c64-eeb49efed31e  |i deb21d21-7c09-353e-93de-d03b20262d69  |t 0 
952 f f |p ric  |a Texas A&M University  |b Rellis Campus  |c Joint Library Facility  |d Remote Storage  |t 0  |e ND3128 .P3  |h Library of Congress classification  |i unmediated -- volume  |m A14800503746 
998 f f |a ND3128 .P3  |t 0  |l Remote Storage